Online Catalogue and eLibrary

Selected writings of Regi Siriwardena : (Record no. 3113)

MARC details
000 -LEADER
fixed length control field 00629nam a2200169Ia 4500
005 - DATE AND TIME OF LATEST TRANSACTION
control field 20241001020905.0
008 - FIXED-LENGTH DATA ELEMENTS--GENERAL INFORMATION
fixed length control field 240331s9999 xx 000 0 und d
020 ## - INTERNATIONAL STANDARD BOOK NUMBER
ISBN 9555800979
082 ## - DDC Classification
Item Number - Author Mark SEL
Class No. 809
100 ## - MAIN ENTRY--PERSONAL NAME
Personal name
245 #0 - TITLE STATEMENT
Title Selected writings of Regi Siriwardena :
Remainder of title literature and the arts -Volume I
260 ## - PUBLICATION, DISTRIBUTION, ETC.
Place of publication, distribution, etc. Colombo
Name of publisher, distributor, etc. International center for ethnic Studies
Date of publication, distribution, etc. 2005
300 ## - PHYSICAL DESCRIPTION
Extent (e.g. Volumes, Pages etc.) xviii, 831 p .,
500 ## - GENERAL NOTE
General note This Volume presents Regi Siriwardena's Articles on Literature and Reviews of films, Books and theatre during the 11 years he worked at lake house in 1950s.
700 ## - ADDED ENTRY--PERSONAL NAME
Personal name Canagaratna, A.J.
Relator term (Role) Editor
942 ## - Koha item type (Biblio)
Koha item type Books in Stacks (Lending)
Holdings
Lost status Damaged status Collection code Home library Current library Shelving location Date acquired Full call number Accession Number Item type
    Lending WERC Library WERC Library Social Science Cupboard 03/31/2024 809 SEL 1875 Books in Stacks (Lending)

© WERC Library